CS HLTV Awards - Statistiques

Statistiques générales
  • Ce quiz a été pris 26 fois
  • Le résultat moyen est 33 sur 51
Statistiques - réponses
Hint Réponse % Correct
Opener of the Year donk
100%
Highlight of the year donk
100%
Rookie of the Year donk
100%
Player of the Year donk
100%
Opener of the Year donk
100%
Highlight of the Year donk
100%
Player of the Year ZywOo
100%
Awper of the Year Zywoo
100%
Player of the Year ZywOo
100%
Awper of the Year ZywOo
100%
Highlight of the Year ZywOo
100%
IGL of the Year apEX
95%
IGL of the Year apEX
95%
Anchor of the Year mezii
95%
Rookie of the Year molodoy
95%
Team of the Year Vitality
95%
Team of the Year Vitality
95%
Closer of the Year ropz
90%
Closer of the Year ropz
90%
Coach of the Year XTQZZZ
85%
Team of the Year Navi
80%
Team of the year Navi
80%
IGL of the Year Aleksib
70%
Player of the Year s1mple
70%
Awper of the Year s1mple
70%
Player of the year s1mple
70%
Awper of the Year M0nesy
65%
Rookie of the Year M0nesy
65%
Highlight of the Year M0nesy
65%
Women's Player of the Year ASTRA
60%
Anchor of the Year b1t
60%
Team of the Year FaZe
60%
IGL of the year Karrigan
60%
Anchor of the Year Magisk
60%
Closer of the Year JL
55%
Coach of the Year zonic
55%
Women's Team of the Year BIG Equipa
45%
Opener of the year NiKo
45%
Opener of the Year NiKo
45%
Anchor of the year Perfecto
35%
Coach of the year B1ad3
25%
Coach of the year B1ad3
25%
Women's Player of the Year ANa
15%
Women's Player of the Year ANa
15%
Women's Player of the Year ANa
15%
Closer of the year Ax1le
10%
Highlight of the Year Cadian
10%
Rookie of the year NertZ
10%
Women's Team of the Year Imperial Valkyries
5%
Women's Team of the year Nigma Galaxy
5%
Women's Team of the Year Nigma Galaxy
5%
Aucun quiz correspondant
Distribution des résultats
% des personnes avec chaque résultat
Percentile par nombre de réponses
Votre historique - résultats
Vous n’avez pas pris ce quiz